[Event "Gualeguaychu U2000"]
[Site "Gualeguaychu"]
[Date "2018.05.12"]
[Round "3.5"]
[White "Toledano, German"]
[Black "Dorrego, Alberto"]
[Result "1-0"]
[WhiteElo "1670"]
[BlackElo "1594"]
[PlyCount "78"]
[EventDate "2018.05.12"]
[EventType "swiss"]
[EventRounds "5"]
[EventCountry "ARG"]
[SourceTitle "EXT 2024"]
[Source "ChessBase"]
[SourceDate "2023.10.10"]
[SourceVersion "1"]
[SourceVersionDate "2023.10.10"]
[SourceQuality "1"]

1. e4 c5 2. Nc3 g6 3. b3 Bg7 4. Bb2 Nc6 5. Qc1 Nf6 6. Nf3 d6 7. Be2 Bg4 8. 0-0 0-0 9. h3 Bxf3 10. Bxf3 Rc8 11. a4 a6 12. d3 Nd4 13. Bd1 b5 14. Ne2 Qb6 15. Nxd4 cxd4 16. Qd2 Nd7 17. a5 Qc6 18. b4 Ne5 19. f4 Nd7 20. Rc1 Qb7 21. Bf3 Qa7 22. Kh1 Rc7 23. c4 Rfc8 24. cxb5 axb5 25. Rxc7 Rxc7 26. Re1 Nb8 27. f5 Na6 28. g4 Qb7 29. Kg2 Qc6 30. e5 Qc3 31. exd6 exd6 32. Bb7 Nxb4 33. a6 Nxa6 34. Bxa6 Qc6+ 35. Kf2 Qxa6 36. fxg6 hxg6 37. Qb4 Qc6 38. Qd2 Qc5 39. Qa5 Kh7 1-0

[Event "Gualeguaychu Cup Baggio U2200"]
[Site "Gualeguaychu"]
[Date "2017.12.03"]
[Round "5.6"]
[White "Dorrego, Alberto"]
[Black "Ledesma, Israel"]
[Result "0-1"]
[WhiteElo "1578"]
[BlackElo "1872"]
[PlyCount "60"]
[EventDate "2017.12.02"]
[EventType "swiss"]
[EventRounds "5"]
[EventCountry "ARG"]
[SourceTitle "EXT 2024"]
[Source "ChessBase"]
[SourceDate "2023.10.10"]
[SourceVersion "1"]
[SourceVersionDate "2023.10.10"]
[SourceQuality "1"]

1. c4 Nf6 2. Nc3 b6 3. d4 e6 4. e4 Bb7 5. f3 d5 6. e5 Nfd7 7. cxd5 exd5 8. Nh3 Bb4 9. Bg5 f6 10. exf6 Nxf6 11. Be2 0-0 12. 0-0 Qe8 13. Re1 Qf7 14. Bd3 Nbd7 15. Bf5 Kh8 16. Qd3 Rae8 17. Bxf6 Nxf6 18. Ng5 Rxe1+ 19. Rxe1 Qh5 20. Ne6 Re8 21. Re5 Bd6 22. Nxg7 Kxg7 23. Bg4 Qh6 24. Qf5 Bc8 25. Qd3 Bxg4 26. fxg4 Bxe5 27. dxe5 Rxe5 28. h3 Qc1+ 29. Kf2 Qf4+ 30. Qf3 Ne4+ 0-1